01001nam a2200265 a 450000100100000000500170001000800410002702000150006804000250008304100130010810000280012124000320014924500970018126000770027830000210035549000250037650000210040150000400042250000550046250400320051770000360054983000310058595201040061699900150072000000249720200929150211.0090702s1989 es 001 0 spa d a8486168406 aDO-SdBNPbspacBNPHU17aepa2fre1 aFijalkow, Jacques9786310aMauvais lecteurs. Pourquoi?10aMalos lectores :b¿por qué? /cJacques Fijalkow ; traducción Judith Dellepiane de Rama. aMadrid :bFundación Germán Sánchez RuipérezbPirámides,c1989. a270 p. ;c21 cm.1 aBiblioteca del Libro aIncluye índice aIncluye notas al pie de las paginas aIncluye datos biográficos del autor en la solapa aBibliografía : p. 217-2701 aEllepiane de Rama, Judith97864 0aBiblioteca del libro97397 001050718MOaGRbGRcCTd2009-07-02iLF1l0o p2497-10r2020-06-25w2020-06-25y1ZNo se presta c2333d2333